| 000 | 00807cas a2200277 a 4500 | ||
|---|---|---|---|
| 001 | 19732 | ||
| 003 | BD-RjUL | ||
| 005 | 20211209000453.0 | ||
| 008 | 140225c1954 miu r p 0 a0eng d | ||
| 035 | _a(BD-RjUL)19793 | ||
| 040 |
_aOKO _cOKO _dOCL _dIUL _dDLC _dOCL _dDLC _dOCL _dDLC _dNST _dBD-RjUL _beng |
||
| 041 | _aeng | ||
| 082 |
_a808.8 _bREA 1954 |
||
| 090 |
_aAP2 _b.F222 |
||
| 245 | 0 | 0 |
_aReader's digest / _pV-16 |
| 246 | 0 | 4 | _aReader's digest service |
| 260 |
_aPleasantville, N.Y. : _bReader's Digest Association, _c1954. |
||
| 300 |
_a550 p. : _bill. ; _c20 cm. |
||
| 500 | _a. | ||
| 510 | 0 | _aReader's guide. | |
| 510 | 0 | _aBiography index. | |
| 650 |
_aUnited States Tours _960641 |
||
| 776 | 1 |
_tReader's digest _w(OCoLC)1763471 _w(DLC) 36036138. |
|
| 942 |
_2ddc _cBK |
||
| 999 |
_c19732 _d19732 |
||